| 000 | 01060cam a2200349 a 4500 | ||
|---|---|---|---|
| 001 | 9082 | ||
| 003 | FISKH | ||
| 005 | 20251119090327.0 | ||
| 008 | 870824s1986 enka j 000 1 eng | ||
| 010 | _a 86216026 | ||
| 020 |
_a0744505267 : _cŁ2.95 |
||
| 020 | _a9780744505269 | ||
| 020 | _a9780763608620 | ||
| 035 | _a3362022 | ||
| 040 |
_aDLC _cDLC _dDLC _beng |
||
| 050 | _aPZ7.W51744 H | ||
| 082 | _a823.914 | ||
| 100 | 1 | _aWest, Colin. | |
| 245 | 1 | 0 |
_aHave you seen the crocodile? / _cwritten and illustrated by Colin West. |
| 260 |
_aLondon : _bWalker Books, _c1986. |
||
| 300 |
_a24 unnumbered pages : _bcolor illustrations ; _c24 cm |
||
| 440 | 0 | _aFun-to-read picture books | |
| 505 | _aE | ||
| 520 | _aVarious animals look for the cunning crocodile, not realizing he is right under their noses. | ||
| 521 | 8 |
_a260
_bLexile estimate |
|
| 521 | 8 |
_aE
_bRaz-Plus |
|
| 650 | 1 |
_aCrocodiles _xFiction. |
|
| 650 | 1 |
_aAnimals _xFiction. |
|
| 906 |
_a7 _bcbc _corignew _d3 _encip _f19 _gy-gencatlg |
||
| 942 |
_2ddc _cBK _n0 |
||
| 999 |
_c9082 _d9082 |
||